Представление документа в формате MARC21

ПолеНазваниеЗначение
  Тип записи a
  Библиографический уровень m
001 Контрольный номер RU\infra-m\znanium\bibl\2226454
005 Дата корректировки 20260429142156.0
008 Кодируемые данные 250924s2025 RU g rus u
020 Индекс ISBN __
a ISBN 978-5-9729-2600-8
040 Источник каталогиз. __
a Служба первич. каталог. Общество с ограниченной ответственностью «ЗНАНИУМ»
041 Код языка издания __
a Код языка текста rus
044 Код страны публикации __
a Код страны публикации RU
080 Индекс УДК __
a Индекс УДК 690
084 Индекс другой классификации/Индекс ББК __
2 Источник индекса rubbk
a Индекс другой классификации/Индекс ББК 386
084 Индекс другой классификации/Индекс ББК __
2 Источник индекса okso
a Индекс другой классификации/Индекс ББК 08.03.01
084 Индекс другой классификации/Индекс ББК __
2 Источник индекса okso
a Индекс другой классификации/Индекс ББК 08.05.01
084 Индекс другой классификации/Индекс ББК __
2 Источник индекса okso
a Индекс другой классификации/Индекс ББК 08.05.02
084 Индекс другой классификации/Индекс ББК __
2 Источник индекса okso
a Индекс другой классификации/Индекс ББК 08.05.03
100 Автор __
a Автор Лебедев В.М.
q Полное имя Лебедев Владимир Михайлович
u Дополнение Белгородский государственный технологический университет им. В.Г. Шухова
245 Заглавие __
a Заглавие Технология строительных процессов
b Продолж. заглавия Учебное пособие
c Ответственность Белгородский государственный технологический университет им. В.Г. Шухова
250 Сведения об издании __
a Основные сведения об издании 2
260 Выходные данные __
a Место издания Вологда
b Издательство Инфра-Инженерия
c Дата издания 2025
300 Физическое описание __
a Объем 188 с.
520 Аннотация __
a Аннотация Рассмотрены технологические процессы производства основных общестроительных и монтажных работ с обеспечением требований охраны труда и окружающей среды. Освещены состав и содержание проектов производства работ. Изложена методика проектирования технологических карт. Для студентов аспирантов и преподавателей строительных направлений подготовки.
521 Примеч. о цел. назн. __
a Примеч. о целев. назн. ВО - Бакалавриат
650 Тематические рубрики __
a Основная рубрика Строительство
x Основная подрубрика Теоретические основы строительства
655 Указ. предметных рубрик (устаревшее) __
a Жанр/ форма (устаревшее) Учебное пособие
856 Электронный адрес документа 4_
a Имя сервера/домена znanium.ru
m Помощь ebs_support@infra-m.ru
n Местонахождение сервера НИЦ ИНФРА-М
u URL https://znanium.ru/catalog/document?id=469946
856 Электронный адрес документа 48
a Имя сервера/домена znanium.ru
d Путь /cover/2226
f Электронное имя 2226454.jpg
q Тип электронного формата image/jpeg
u URL https://znanium.ru/cover/2226/2226454.jpg
911 __
u 0030=https://znanium.ru/catalog/document?id=469946